[Event "C.to Provinciale TP"]
[Site "Erice ITA"]
[Date "2011.02.12"]
[Round "4"]
[White "Campo, Renato"]
[Black "Lo Piccolo, Antonino"]
[Result "0-1"]
[WhiteElo "2003"]
[BlackElo "1851"]
[PlyCount "116"]
[EventDate "2011.01.09"]

1. e4 c5 2. Na3 Nc6 3. Bb5 g6 4. Nf3 Bg7 5. c3 a6 6. Ba4 b5 7. Bc2 d5 8. O-O
dxe4 9. Bxe4 Bb7 10. d4 Nf6 11. Bxc6+ Bxc6 12. Ne5 Bb7 13. dxc5 Qc7 14. c6 Bxc6
15. Nxc6 Qxc6 16. Nc2 Rd8 17. Qe2 Qe4 18. Qxe4 Nxe4 19. a4 O-O 20. Be3 Nd2 21.
axb5 Nxf1 22. Kxf1 axb5 23. Ra7 e5 24. Ke2 f5 25. Bc5 Rf7 26. Na3 Rxa7 27. Bxa7
b4 28. cxb4 e4 29. Nc4 Rc8 30. Bc5 Bf8 31. Nd6 Bxd6 32. Bxd6 Rc2+ 33. Ke3 Rxb2
34. Bc5 Kf7 35. Kf4 e3 36. Kxe3 g5 37. g3 Ke6 38. h4 Rb3+ 39. Ke2 gxh4 40. gxh4
Rh3 41. b5 Rxh4 42. b6 Kd7 43. Kf3 Kc6 44. Be3 Rg4 45. Ke2 h5 46. f3 Rg2+ 47.
Kf1 Rb2 48. Bf2 Kd5 49. Kg2 f4 50. Kg1 Ke5 51. Bc5 h4 52. Be7 h3 53. Bd8 Kf5
54. Bc7 Rb4 55. Kh2 Rb3 56. Kg1 Kg5 57. Bd8+ Kh5 58. Kf2 Rb1 0-1

[Event "C.to Provinciale TP"]
[Site "Erice ITA"]
[Date "2011.02.12"]
[Round "4"]
[White "Silvestro, Roberto"]
[Black "Piazza, Dario"]
[Result "0-1"]
[WhiteElo "1751"]
[BlackElo "1716"]
[PlyCount "138"]
[EventDate "2011.01.09"]

1. d4 d6 2. c4 e5 3. dxe5 dxe5 4. Qxd8+ Kxd8 5. Nc3 Be6 6. e4 c6 7. Nf3 f6 8.
Be3 Nd7 9. Be2 Kc7 10. O-O Be7 11. a3 g5 12. b4 h5 13. b5 h4 14. bxc6 bxc6 15.
Nd2 Nh6 16. f3 g4 17. fxg4 Nxg4 18. Bxg4 Bxg4 19. Nf3 Rag8 20. Bxa7 Ra8 21. Be3
Rxa3 22. Rxa3 Bxa3 23. Ra1 Bb2 24. Ra7+ Kd6 25. Nd1 Bxf3 26. gxf3 Bd4 27. Ra3
Nc5 28. Kf1 Rb8 29. Bh6 Ne6 30. Ne3 Kc5 31. Kg2 Rb2+ 32. Kh3 Ng5+ 33. Bxg5 fxg5
34. Ng4 Kxc4 35. Ra6 Kb5 36. Ra8 Rb3 37. Kg2 c5 38. Re8 c4 39. Nxe5 c3 40. Nd3
Kc4 41. Nc1 Rb2+ 42. Kh3 Rc2 43. Rc8+ Bc5 44. Nb3 Kxb3 45. Rxc5 Rf2 46. Rxg5
Rxf3+ 47. Kxh4 Rf4+ 48. Kg3 Rxe4 49. Kf3 Rc4 50. Rb5+ Rb4 51. Rc5 c2 52. Ke2
Kb2 53. Kd2 Rd4+ 54. Ke3 Rd1 55. Rb5+ Ka3 56. Rc5 c1=Q+ 57. Rxc1 Rxc1 58. Kf4
Rc4+ 59. Kg5 Rc5+ 60. Kg6 Rc6+ 61. Kg5 Rc1 62. h4 Rg1+ 63. Kh6 Kb4 64. h5 Kc5
65. Kh7 Kd6 66. h6 Ke6 67. Kh8 Kf6 68. h7 Ra1 69. Kg8 Ra8# 0-1

[Event "C.to Provinciale TP"]
[Site "Erice ITA"]
[Date "2011.02.12"]
[Round "4"]
[White "Alcide, Fabio"]
[Black "Piazza, Francesco"]
[Result "1-0"]
[WhiteElo "1589"]
[BlackElo "1458"]
[PlyCount "43"]
[EventDate "2011.01.09"]

1. e4 d6 2. d4 Nf6 3. Nc3 c6 4. Bg5 Qa5 5. Bxf6 exf6 6. Bc4 Be7 7. Nge2 b5 8.
Bb3 f5 9. exf5 Bxf5 10. Ng3 Bg6 11. Qe2 Qc7 12. O-O O-O 13. f4 a5 14. a3 h6 15.
f5 Bh7 16. Qg4 d5 17. f6 g6 18. fxe7 Qxe7 19. Nf5 Qe8 20. Nxh6+ Kh8 21. Rae1 f5
22. Rxe8 1-0

[Event "C.to Provinciale TP"]
[Site "Erice ITA"]
[Date "2011.02.12"]
[Round "4"]
[White "Messina, Damiano"]
[Black "Meo, Antonino"]
[Result "1-0"]
[WhiteElo "1961"]
[BlackElo "1581"]
[PlyCount "63"]
[EventDate "2011.01.09"]

1. e4 e5 2. Nf3 d6 3. d4 exd4 4. Nxd4 Be7 5. Nc3 Nf6 6. Be2 Bd7 7. Be3 Nc6 8.
f3 Ne5 9. Qd2 O-O 10. g4 Be6 11. O-O-O Nc4 12. Bxc4 Bxc4 13. Nf5 Nd7 14. h4 Ne5
15. Qg2 c6 16. Bc5 Re8 17. Bxd6 Qa5 18. Nxe7+ Kh8 19. Kb1 b5 20. a3 Qb6 21. Qg1
Qb7 22. Qc5 Nxf3 23. Qxc6 Rxe7 24. Qxb7 Rxb7 25. b3 Be6 26. g5 a5 27. Rd3 Bg4
28. Nd5 a4 29. b4 Re8 30. e5 Re6 31. Nc7 Nxe5 32. Bxe5 1-0

[Event "C.to Provinciale TP"]
[Site "Erice ITA"]
[Date "2011.02.12"]
[Round "4"]
[White "Savalla, Gianluca"]
[Black "Guarino, Giuseppe"]
[Result "1/2-1/2"]
[WhiteElo "1542"]
[BlackElo "1497"]
[PlyCount "55"]
[EventDate "2011.01.09"]

1. e4 c6 2. d4 d5 3. e5 Bf5 4. Nf3 e6 5. Bd3 Bg6 6. O-O Nd7 7. Be3 Qc7 8. c4
Bxd3 9. Qxd3 dxc4 10. Qxc4 Ne7 11. Nc3 O-O-O 12. Ne4 Nf5 13. Rfe1 Nb6 14. Qc2
h6 15. Rac1 Nd5 16. a3 g5 17. h3 Be7 18. b4 Rd7 19. Qb3 Kb8 20. b5 Qb6 21. a4
cxb5 22. Qxb5 Qxb5 23. axb5 Rc8 24. Rxc8+ Kxc8 25. Bd2 Rc7 26. Rb1 Rc4 27. Rc1
Rxc1+ 28. Bxc1 1/2-1/2

[Event "C.to Provinciale TP"]
[Site "Erice ITA"]
[Date "2011.02.12"]
[Round "4"]
[White "Monaco, Alessandro"]
[Black "Krumbiegel, Michael"]
[Result "1-0"]
[WhiteElo "1755"]
[BlackElo "1458"]
[PlyCount "111"]
[EventDate "2011.01.09"]

1. e4 e5 2. Nf3 Nf6 3. Nxe5 Bd6 4. Nc4 Nxe4 5. Qe2 Qe7 6. d3 Nf6 7. Nxd6+ cxd6
8. Qxe7+ Kxe7 9. Be2 h6 10. Nc3 Re8 11. Bf4 a6 12. O-O d5 13. Bf3 Kf8 14. Nxd5
Nxd5 15. Bxd5 Nc6 16. Bd6+ Kg8 17. Rfe1 Re6 18. Bxe6 dxe6 19. c3 b6 20. Rad1
Bb7 21. d4 Na5 22. Bc7 Nc4 23. b3 Rc8 24. Bg3 Na3 25. c4 Rd8 26. Bc7 Rd7 27.
Bxb6 Nc2 28. Re2 Nb4 29. a3 Nc6 30. d5 Ne7 31. d6 Bc6 32. Red2 Nf5 33. b4 Nh4
34. f3 Ba4 35. c5 Bc6 36. Ra1 Nf5 37. a4 Ne3 38. Kf2 Nd5 39. b5 axb5 40. axb5
Bxb5 41. Ra8+ Kh7 42. Ra7 Nb4 43. Rxd7 Bxd7 44. Rd1 Nc6 45. Ra1 f5 46. Ra8 g5
47. Ba5 Kg6 48. Bc3 e5 49. Ra6 f4 50. Rb6 e4 51. fxe4 Nd8 52. Rb8 Ne6 53. Bb4
h5 54. Rb7 Bc6 55. Re7 Kf6 56. Bc3+ 1-0

[Event "C.to Provinciale TP"]
[Site "Erice ITA"]
[Date "2011.02.12"]
[Round "4"]
[White "Pandolfo, Sergio"]
[Black "Cerami, Giuseppe"]
[Result "0-1"]
[WhiteElo "1664"]
[BlackElo "1625"]
[PlyCount "128"]
[EventDate "2011.01.09"]

1. Nf3 d5 2. d4 Nf6 3. e3 Bg4 4. Nbd2 Nbd7 5. h3 Bh5 6. Be2 e6 7. O-O c5 8. b3
cxd4 9. exd4 Bd6 10. Bb2 O-O 11. Ne5 Bxe2 12. Qxe2 Rc8 13. Rac1 Bb8 14. f4 Qa5
15. a3 Qb6 16. g4 Nxe5 17. fxe5 Nd7 18. Kh1 Qd8 19. Nf3 f6 20. c3 Qe7 21. Qe3
fxe5 22. Nxe5 Nxe5 23. dxe5 Rxf1+ 24. Rxf1 Rf8 25. Rxf8+ Kxf8 26. Kg2 Qc7 27.
Qf4+ Qf7 28. Qxf7+ Kxf7 29. c4 dxc4 30. bxc4 g5 31. Kf3 Ke7 32. Ke4 Kd7 33. Bc3
Bc7 34. Bb4 Bd8 35. a4 Be7 36. Bxe7 Kxe7 37. Kd4 Kd7 38. Kc5 Kc7 39. Kb5 a6+
40. Kc5 b6+ 41. Kb4 Kc6 42. Kb3 Kc5 43. Kc3 a5 44. Kd3 Kb4 45. Kd4 h6 46. Kd3
Kxa4 47. Kc3 Ka3 48. c5 bxc5 49. Kc4 Kb2 50. Kxc5 a4 51. Kd6 a3 52. Kxe6 a2 53.
Kf7 a1=Q 54. e6 Qa2 55. Kf6 Qa6 56. Kf7 Qc4 57. Kf6 Qf4+ 58. Kg6 Qf8 59. Kh7
Qe7+ 60. Kxh6 Kc3 61. Kg6 Kd4 62. Kf5 Kd5 63. Kg6 Kxe6 64. Kh6 Kf6 0-1

[Event "C.to Provinciale TP"]
[Site "Erice ITA"]
[Date "2011.02.12"]
[Round "4"]
[White "Arini, Mario"]
[Black "Mancuso, Fabrizio"]
[Result "1-0"]
[WhiteElo "1594"]
[BlackElo "1527"]
[PlyCount "71"]
[EventDate "2011.01.09"]

1. Nf3 Nf6 2. g3 d6 3. Bg2 Nc6 4. O-O e5 5. d3 Be7 6. e4 O-O 7. c3 Bg4 8. h3
Bh5 9. Nbd2 Re8 10. g4 Bg6 11. Nh4 Qd7 12. Nxg6 fxg6 13. Nf3 Rab8 14. Ng5 Nd8
15. Qb3+ Kh8 16. Be3 b6 17. f4 Rf8 18. fxe5 dxe5 19. Rad1 h6 20. Nf3 Bd6 21.
Qc2 Ne6 22. d4 exd4 23. cxd4 Be7 24. Nh4 Qe8 25. e5 Nxg4 26. Nxg6+ Kg8 27. hxg4
Rf7 28. Bd5 Qd7 29. Rxf7 Kxf7 30. Rf1+ Kg8 31. Bc6 Qd8 32. Qc4 Bg5 33. Qxe6+
Kh7 34. Nf8+ Kh8 35. Bd5 Bxe3+ 36. Kg2 1-0

[Event "C.to Provinciale TP"]
[Site "Erice ITA"]
[Date "2011.02.12"]
[Round "5"]
[White "Piazza, Dario"]
[Black "Lo Piccolo, Antonino"]
[Result "1-0"]
[WhiteElo "1716"]
[BlackElo "1851"]
[PlyCount "29"]
[EventDate "2011.01.09"]

1. e4 c5 2. Nf3 Nc6 3. Bb5 g6 4. Nc3 Bg7 5. O-O e6 6. d3 Nge7 7. Be3 Nd4 8. Nd2
Nxb5 9. Nxb5 Qb6 10. Nc4 Qc6 11. Nbd6+ Kf8 12. Qf3 f5 13. Qf4 e5 14. Qh4 b5 15.
Bh6 1-0

[Event "C.to Provinciale TP"]
[Site "Erice ITA"]
[Date "2011.02.12"]
[Round "5"]
[White "Savalla, Pietro"]
[Black "Alcide, Fabio"]
[Result "1-0"]
[WhiteElo "1742"]
[BlackElo "1589"]
[PlyCount "121"]
[EventDate "2011.01.09"]

1. e4 e6 2. d4 d5 3. Nc3 dxe4 4. Nxe4 Be7 5. Nf3 Nf6 6. Bd3 Nbd7 7. O-O Nxe4 8.
Bxe4 Nf6 9. Bd3 O-O 10. Qe2 b6 11. Be4 Nxe4 12. Qxe4 Qd5 13. Qxd5 exd5 14. Bf4
Bb7 15. c3 Rac8 16. Rfe1 Bf6 17. Ne5 Bxe5 18. Rxe5 f6 19. Re7 Rf7 20. Rae1 Kf8
21. Rxf7+ Kxf7 22. f3 c6 23. Kf2 Re8 24. Rxe8 Kxe8 25. Bb8 a6 26. Bc7 b5 27.
Ke3 Kd7 28. Bb6 Ke6 29. Kd3 Bc8 30. b3 Kd6 31. Bc5+ Kc7 32. Bf8 g6 33. Bg7 f5
34. Be5+ Kd7 35. c4 Ke6 36. cxb5 axb5 37. Kc3 c5 38. a4 bxa4 39. bxa4 Bd7 40.
a5 Bb5 41. Bf4 cxd4+ 42. Kxd4 Bc4 43. Kc5 Kd7 44. Kb6 Kc8 45. a6 d4 46. a7 Bd5
47. Kc5 Ba8 48. Kxd4 Kd7 49. Ke5 Ke7 50. Bg5+ Kf7 51. Kd6 h5 52. Kc7 Ke6 53.
Kb8 Bc6 54. a8=Q Bxa8 55. Kxa8 Ke5 56. Kb7 f4 57. Kc6 Kf5 58. Bd8 g5 59. Kd5 g4
60. Kd4 g3 61. h4 1-0

[Event "C.to Provinciale TP"]
[Site "Erice ITA"]
[Date "2011.02.12"]
[Round "5"]
[White "Castelli, Giovanni J."]
[Black "Messina, Damiano"]
[Result "0-1"]
[WhiteElo "1821"]
[BlackElo "1961"]
[PlyCount "98"]
[EventDate "2011.01.09"]

1. d4 d5 2. c4 c6 3. Nf3 Nf6 4. Qc2 g6 5. e3 Bf5 6. Bd3 Bxd3 7. Qxd3 Bg7 8. O-O
O-O 9. Nbd2 Nbd7 10. b3 a6 11. c5 e5 12. dxe5 Ng4 13. Qc2 Qa5 14. Bb2 Nxc5 15.
h3 Nh6 16. Bc3 Qb5 17. Rac1 Rfe8 18. Ne1 Nd7 19. f4 Nf5 20. Rf3 Qb6 21. Qd3 Nc5
22. Qe2 Ne6 23. Bb2 Nh4 24. Rf2 Nf5 25. Rf3 Rad8 26. Kh2 a5 27. Nc2 Qa7 28. g4
Nd6 29. f5 Ng5 30. f6 Nxf3+ 31. Qxf3 Ne4 32. Rd1 Nxd2 33. Rxd2 Bf8 34. h4 h6
35. h5 g5 36. Qf5 Qb8 37. Ne1 Qc8 38. Qf3 Qe6 39. Qg3 c5 40. Nf3 Qa6 41. Qf2
Qe6 42. Qg3 b5 43. Kh3 a4 44. Qg1 axb3 45. axb3 Ra8 46. Qb1 b4 47. Qd3 c4 48.
Qxd5 c3 49. Qxe6 Rxe6 0-1

[Event "C.to Provinciale TP"]
[Site "Erice ITA"]
[Date "2011.02.12"]
[Round "5"]
[White "Cerami, Giuseppe"]
[Black "Campo, Renato"]
[Result "0-1"]
[WhiteElo "1625"]
[BlackElo "2003"]
[PlyCount "94"]
[EventDate "2011.01.09"]

1. b4 c6 2. Bb2 d5 3. e3 Nf6 4. c4 Bg4 5. Qb3 e6 6. Be2 Bxe2 7. Nxe2 Nbd7 8. d3
Bd6 9. c5 Bc7 10. Nd2 O-O 11. h3 b6 12. Nd4 Qe8 13. Nxc6 Nxc5 14. bxc5 Qxc6 15.
cxb6 Bxb6 16. Rc1 Qd7 17. Bxf6 gxf6 18. Qd1 Kh8 19. Qf3 Qe7 20. O-O Rg8 21. Kh1
Rg6 22. Qe2 Rag8 23. Rg1 e5 24. Nf3 Qe6 25. Nh2 f5 26. f3 f4 27. Nf1 f5 28. Rc2
h5 29. exf4 Bxg1 30. Kxg1 exf4 31. Qf2 Rxg2+ 32. Qxg2 Rxg2+ 33. Kxg2 Kg7 34.
Rc7+ Kf6 35. Rxa7 Qe2+ 36. Kg1 Qxf3 37. a4 Qxh3 38. a5 f3 39. Ne3 d4 40. Nd5+
Ke5 41. Rg7 Kxd5 42. a6 Qh4 43. Rg8 Qe1+ 44. Kh2 Qa1 45. Ra8 Qa2+ 46. Kg3 Qg2+
47. Kf4 Qg4# 0-1

[Event "C.to Provinciale TP"]
[Site "Erice ITA"]
[Date "2011.02.12"]
[Round "5"]
[White "Bertino, Giacomo"]
[Black "Arini, Mario"]
[Result "1-0"]
[WhiteElo "1992"]
[BlackElo "1594"]
[PlyCount "37"]
[EventDate "2011.01.09"]

1. e4 c5 2. b4 b6 3. bxc5 bxc5 4. Bb2 Nc6 5. Nf3 e6 6. Nc3 a6 7. Bc4 Nge7 8.
O-O Ng6 9. d4 cxd4 10. Nxd4 Bb7 11. Rb1 Be7 12. f4 Nxd4 13. Qxd4 Bf6 14. e5 Be7
15. f5 Qc7 16. Ne4 Bxe4 17. Qxe4 Bc5+ 18. Kh1 Ne7 19. Qxa8+ 1-0

[Event "C.to Provinciale TP"]
[Site "Erice ITA"]
[Date "2011.02.12"]
[Round "5"]
[White "Guarino, Giuseppe"]
[Black "Monaco, Alessandro"]
[Result "0-1"]
[WhiteElo "1497"]
[BlackElo "1755"]
[PlyCount "70"]
[EventDate "2011.01.09"]

1. d4 Nf6 2. c4 e6 3. Nf3 c5 4. Bg5 h6 5. Bh4 Na6 6. e3 g5 7. Bg3 Bg7 8. Be2
O-O 9. Nc3 b6 10. h3 d5 11. O-O Bd7 12. cxd5 Nb4 13. d6 g4 14. hxg4 Nxg4 15.
Ne5 Nxe5 16. dxe5 Qg5 17. a3 Nc6 18. Ne4 Qf5 19. Bd3 Nxe5 20. Nxc5 Nxd3 21.
Nxd3 Bb5 22. Qd2 Qxd3 23. Qb4 Qc4 24. Rac1 Qxb4 25. axb4 Bxf1 26. Kxf1 Rfd8 27.
Rc7 Kf8 28. Re7 Bf6 29. Rc7 Ke8 30. e4 Rd7 31. Rc6 Bxb2 32. e5 a5 33. bxa5 bxa5
34. f4 a4 35. Be1 a3 0-1

[Event "C.to Provinciale TP"]
[Site "Erice ITA"]
[Date "2011.02.12"]
[Round "5"]
[White "Meo, Antonino"]
[Black "Savalla, Gianluca"]
[Result "1/2-1/2"]
[WhiteElo "1581"]
[BlackElo "1542"]
[PlyCount "87"]
[EventDate "2011.01.09"]

1. c4 e5 2. Nc3 Nf6 3. d4 exd4 4. Qxd4 Nc6 5. Qd1 d6 6. e4 Be7 7. Nf3 O-O 8.
Qc2 Re8 9. Be2 h6 10. O-O Be6 11. Nd5 Ne5 12. Nxe5 dxe5 13. Rd1 Qc8 14. b3 c6
15. Nxe7+ Rxe7 16. Ba3 c5 17. Bb2 Bg4 18. Bxg4 Nxg4 19. Rd5 Qc7 20. Qe2 Nf6 21.
Rd3 Rd8 22. Rad1 Rxd3 23. Rxd3 Rd7 24. Rxd7 Nxd7 25. Qh5 Qa5 26. Qd1 Qxa2 27.
h3 Qxb2 28. Qxd7 Qb1+ 29. Kh2 Qxe4 30. Qc8+ Kh7 31. Qxc5 a6 32. Qe3 Qxe3 33.
fxe3 Kg6 34. e4 f5 35. Kg3 fxe4 36. Kf2 h5 37. g3 Kf5 38. Ke3 g5 39. b4 g4 40.
h4 Kf6 41. Kxe4 b6 42. Kd5 Kf5 43. c5 bxc5 44. bxc5 1/2-1/2

[Event "C.to Provinciale TP"]
[Site "Erice ITA"]
[Date "2011.02.12"]
[Round "5"]
[White "Piazza, Francesco"]
[Black "Oddo, Salvatore"]
[Result "1-0"]
[WhiteElo "1458"]
[BlackElo "1647"]
[PlyCount "65"]
[EventDate "2011.01.09"]

1. d4 d6 2. Nf3 Nd7 3. e3 e5 4. Bd3 Be7 5. dxe5 dxe5 6. Nbd2 Ngf6 7. b3 Bb4 8.
O-O O-O 9. Bb2 Re8 10. a3 Bd6 11. e4 Nc5 12. Re1 Bg4 13. Nc4 b6 14. Re3 Nxd3
15. Qxd3 Bc5 16. Re2 Qxd3 17. cxd3 Bxf3 18. gxf3 Bd6 19. Rc1 Nh5 20. Nxd6 cxd6
21. Rc6 Red8 22. Bc1 f6 23. Rec2 d5 24. R6c3 dxe4 25. fxe4 Rd7 26. Kg2 Kf7 27.
Rc7 Ke6 28. a4 g5 29. R2c6+ Rd6 30. Rxd6+ Kxd6 31. Rxh7 Rc8 32. Ba3+ Ke6 33.
Re7# 1-0

[Event "C.to Provinciale TP"]
[Site "Erice ITA"]
[Date "2011.02.12"]
[Round "5"]
[White "Mancuso, Fabrizio"]
[Black "Pandolfo, Sergio"]
[Result "0-1"]
[WhiteElo "1527"]
[BlackElo "1664"]
[PlyCount "84"]
[EventDate "2011.01.09"]

1. e4 c5 2. Nf3 d6 3. Nc3 Nf6 4. d4 cxd4 5. Nxd4 a6 6. Be3 e6 7. Bd3 b5 8. a3
Bb7 9. O-O Nbd7 10. Nf3 Nc5 11. Nd2 Rc8 12. Rc1 Be7 13. Re1 O-O 14. Bxc5 Rxc5
15. Nf3 Qc7 16. h3 Rc8 17. Qd2 h6 18. Nd4 Qb6 19. Nde2 Nd7 20. Rb1 Ne5 21. Rec1
Bg5 22. f4 Bxf4 23. Nxf4 Rxc3+ 24. Kh1 Nxd3 25. cxd3 Rxc1+ 26. Rxc1 Rxc1+ 27.
Qxc1 Qc6 28. Qxc6 Bxc6 29. Kg1 e5 30. Nd5 Bxd5 31. exd5 f5 32. Kf2 Kf7 33. g3
Kf6 34. Ke3 g5 35. b3 a5 36. a4 bxa4 37. bxa4 h5 38. Kf3 g4+ 39. hxg4 hxg4+ 40.
Ke3 Kg5 41. d4 exd4+ 42. Kxd4 f4 0-1

[Event "C.to Provinciale TP"]
[Site "Erice ITA"]
[Date "2011.02.12"]
[Round "6"]
[White "Piazza, Dario"]
[Black "Savalla, Pietro"]
[Result "1-0"]
[WhiteElo "1716"]
[BlackElo "1742"]
[PlyCount "67"]
[EventDate "2011.01.09"]

1. e4 e5 2. Nf3 d6 3. d4 exd4 4. Nxd4 Nf6 5. Nc3 Be7 6. Bf4 Nc6 7. Be2 O-O 8.
Qd2 Ne5 9. O-O-O a6 10. f3 c5 11. Nf5 Bxf5 12. exf5 Qa5 13. Kb1 Qc7 14. Bg5
Ned7 15. Bf4 Ne5 16. Bg5 Ne8 17. Nd5 Bxg5 18. Nxc7 Bxd2 19. Nxa8 Ba5 20. f4 Nc6
21. Bf3 g6 22. fxg6 fxg6 23. Bd5+ Kg7 24. Rhf1 Kf6 25. c3 Ke7 26. Rfe1+ Kd8 27.
Be6 Ng7 28. Rxd6+ Ke7 29. Rd7+ Kf6 30. Bd5 g5 31. fxg5+ Kg6 32. Be4+ Kxg5 33.
Rxg7+ Kf6 34. Rxb7 1-0

[Event "C.to Provinciale TP"]
[Site "Erice ITA"]
[Date "2011.02.12"]
[Round "6"]
[White "Messina, Damiano"]
[Black "Bertino, Giacomo"]
[Result "1/2-1/2"]
[WhiteElo "1961"]
[BlackElo "1992"]
[PlyCount "116"]
[EventDate "2011.01.09"]

1. e4 c5 2. Nf3 e6 3. d4 cxd4 4. Nxd4 Nf6 5. Nc3 Qb6 6. Nb3 Bb4 7. Bd3 d5 8.
exd5 Nxd5 9. Bd2 Nxc3 10. bxc3 Be7 11. O-O Nd7 12. Rb1 Qc7 13. Nd4 a6 14. Re1
O-O 15. Qf3 Nf6 16. Bf4 Bd6 17. Bxd6 Qxd6 18. Rbd1 Qd5 19. c4 Qxf3 20. Nxf3 Bd7
21. Ne5 Ba4 22. Rb1 b5 23. cxb5 axb5 24. Nc6 Kh8 25. Nd4 Rfd8 26. Nxb5 Bxb5 27.
Rxb5 Rxa2 28. Reb1 g6 29. Rb8 Rxb8 30. Rxb8+ Kg7 31. g3 Ra1+ 32. Kg2 Nd7 33.
Rb5 Kf6 34. f4 h5 35. Kf2 Rh1 36. h4 Rh2+ 37. Kf3 e5 38. Rb7 Nc5 39. fxe5+ Kxe5
40. Rxf7 Nxd3 41. cxd3 Rd2 42. Ke3 Rg2 43. Rf3 Rg1 44. Kf2 Rd1 45. Re3+ Kf5 46.
Ke2 Ra1 47. d4 Ra2+ 48. Kf3 Rd2 49. Re5+ Kf6 50. Rd5 Rd3+ 51. Kf4 Ke6 52. Re5+
Kf6 53. Re4 Rd1 54. Kf3 Rd3+ 55. Kg2 Rd2+ 56. Kh3 Rd3 57. Rf4+ Ke6 58. Re4+ Kf6
1/2-1/2

[Event "C.to Provinciale TP"]
[Site "Erice ITA"]
[Date "2011.02.12"]
[Round "6"]
[White "Campo, Renato"]
[Black "Alcide, Fabio"]
[Result "1/2-1/2"]
[WhiteElo "2003"]
[BlackElo "1589"]
[PlyCount "110"]
[EventDate "2011.01.09"]

1. d4 d6 2. h3 e5 3. dxe5 dxe5 4. Qxd8+ Kxd8 5. e4 Be6 6. f4 exf4 7. Bxf4 Nf6
8. Nc3 Bb4 9. O-O-O+ Nbd7 10. Nge2 c6 11. g4 h6 12. Bg2 Ba5 13. a3 Bc7 14. e5
Ne8 15. Nd4 Ke7 16. Rhe1 Rd8 17. b4 a6 18. Nf5+ Bxf5 19. gxf5 Nb6 20. f6+ Kf8
21. Rxd8 Bxd8 22. fxg7+ Nxg7 23. Be3 Ne6 24. Bf1 Bc7 25. Kb2 Nd7 26. Kb3 Bxe5
27. Bd3 f6 28. Bf5 Ke7 29. Rg1 Kf7 30. Ne4 h5 31. Rd1 Rd8 32. Nd6+ Ke7 33. Bxe6
Kxe6 34. Nxb7 Rb8 35. Na5 Rd8 36. Rd2 Rc8 37. c4 Bg3 38. Nb7 f5 39. Re2 Kf7 40.
Bf2 h4 41. Bxg3 hxg3 42. Nd6+ Kg6 43. Nxc8 f4 44. Ne7+ Kg5 45. Rg2 Kh4 46. Rxg3
fxg3 47. Nf5+ Kxh3 48. Nxg3 Kxg3 49. a4 Kf4 50. b5 cxb5 51. cxb5 axb5 52. a5
Ke5 53. Kb4 Kd6 54. Kxb5 Kc7 55. a6 Kb8 1/2-1/2

[Event "C.to Provinciale TP"]
[Site "Erice ITA"]
[Date "2011.02.12"]
[Round "6"]
[White "Lo Piccolo, Antonino"]
[Black "Monaco, Alessandro"]
[Result "1/2-1/2"]
[WhiteElo "1851"]
[BlackElo "1755"]
[PlyCount "55"]
[EventDate "2011.01.09"]

1. c4 c5 2. Nf3 Nf6 3. Nc3 Nc6 4. g3 g6 5. Bg2 Bg7 6. O-O O-O 7. d4 d6 8. d5
Na5 9. Qd3 Rb8 10. e4 e5 11. Nd2 Nh5 12. a3 b6 13. Rb1 f5 14. b4 Nb7 15. exf5
Bxf5 16. Be4 Bh3 17. Re1 Nf6 18. Nf3 Bg4 19. Bg5 Qd7 20. Nh4 Nxe4 21. Nxe4 Bf5
22. Nxf5 Qxf5 23. Qe3 Rf7 24. bxc5 dxc5 25. Rbd1 h6 26. Bxh6 Bxh6 27. Qxh6 Nd6
28. Nxd6 1/2-1/2

[Event "C.to Provinciale TP"]
[Site "Erice ITA"]
[Date "2011.02.12"]
[Round "6"]
[White "Piazza, Francesco"]
[Black "Castelli, Giovanni J."]
[Result "1-0"]
[WhiteElo "1458"]
[BlackElo "1821"]
[PlyCount "89"]
[EventDate "2011.01.09"]

1. d4 Nf6 2. Nf3 g6 3. Nbd2 d6 4. e4 Bg7 5. c3 O-O 6. Be2 Nbd7 7. b3 c5 8. Bb2
a6 9. O-O b5 10. Re1 Bb7 11. Bf1 Qb6 12. c4 Nh5 13. Nb1 b4 14. Qd2 cxd4 15.
Bxd4 Bxd4 16. Qxd4 Qxd4 17. Nxd4 Nf4 18. g3 Ne6 19. Nxe6 fxe6 20. Bh3 Nc5 21.
Re3 e5 22. Nd2 a5 23. Rae1 a4 24. R1e2 axb3 25. Nxb3 Nxe4 26. Bg2 Nc5 27. Nxc5
Bxg2 28. Kxg2 dxc5 29. Rxe5 Ra5 30. Rxe7 Rf7 31. Rxf7 Kxf7 32. h4 Kf6 33. Kf3
Ra3+ 34. Ke4 Ke6 35. Rc2 h6 36. f3 Ra5 37. g4 Ra3 38. h5 gxh5 39. gxh5 Kf6 40.
Kd5 Rxf3 41. Kxc5 Rf5+ 42. Kb6 Ke7 43. c5 Kd7 44. Kb7 Rf6 45. c6+ 1-0

[Event "C.to Provinciale TP"]
[Site "Erice ITA"]
[Date "2011.02.12"]
[Round "6"]
[White "Savalla, Gianluca"]
[Black "Silvestro, Roberto"]
[Result "1-0"]
[WhiteElo "1542"]
[BlackElo "1751"]
[PlyCount "120"]
[EventDate "2011.01.09"]

1. e4 c5 2. d3 Nc6 3. Nf3 d6 4. Nc3 g6 5. Be2 Bg7 6. Be3 Nf6 7. O-O O-O 8. h3
a6 9. Qd2 Re8 10. Bh6 Bh8 11. Rfe1 b5 12. Bf1 Bd7 13. a3 b4 14. axb4 Nxb4 15.
e5 Nfd5 16. exd6 exd6 17. d4 Bf5 18. Nxd5 Nxd5 19. c3 cxd4 20. Nxd4 Rxe1 21.
Rxe1 Bd7 22. Nf3 Bc6 23. Bc4 Nc7 24. Ng5 d5 25. Bd3 Qf6 26. Qe3 Re8 27. Qd2
Rxe1+ 28. Qxe1 a5 29. Qe3 Ne6 30. Qa7 Bg7 31. Nxe6 fxe6 32. Bxg7 Qxg7 33. Qxa5
d4 34. Qd8+ Qf8 35. Qxf8+ Kxf8 36. cxd4 Ke7 37. g3 Kf6 38. Kf1 h6 39. Ke2 g5
40. b4 e5 41. dxe5+ Kxe5 42. Ke3 Bb7 43. b5 h5 44. f3 g4 45. hxg4 hxg4 46. fxg4
Kf6 47. Be4 Bc8 48. b6 Kg5 49. Bf3 Ba6 50. b7 Bxb7 51. Bxb7 Kxg4 52. Kf2 Kg5
53. Kf3 Kf5 54. Bc8+ Kg5 55. g4 Kf6 56. Kf4 Kg6 57. g5 Kg7 58. Kf5 Kh7 59. Kf6
Kh8 60. Kf7 Kh7 1-0

[Event "C.to Provinciale TP"]
[Site "Erice ITA"]
[Date "2011.02.12"]
[Round "6"]
[White "Krumbiegel, Michael"]
[Black "Pandolfo, Sergio"]
[Result "1/2-1/2"]
[WhiteElo "1458"]
[BlackElo "1664"]
[PlyCount "114"]
[EventDate "2011.01.09"]

1. e4 c5 2. Nf3 d6 3. Bc4 Nf6 4. O-O Nxe4 5. d3 Nf6 6. Re1 e6 7. Bg5 Be7 8. c3
Nc6 9. a3 O-O 10. Nbd2 d5 11. Ba2 b5 12. Nf1 a5 13. Ng3 b4 14. a4 bxc3 15. bxc3
Rb8 16. Qc2 d4 17. Bd2 Ba6 18. Ne2 dxc3 19. Bxc3 Bxd3 20. Qc1 Bxe2 21. Rxe2 Qc7
22. h3 Rfd8 23. Qc2 Nb4 24. Bxb4 axb4 25. Ng5 h6 26. Ne4 Nxe4 27. Rxe4 Qd7 28.
Rae1 Qd3 29. Qb2 Rd4 30. R4e3 Qa6 31. Bxe6 fxe6 32. Rxe6 Qxa4 33. Rxe7 Qa3 34.
Qe2 Qd3 35. Qe5 Qg6 36. Qxb8+ Kh7 37. R1e3 Rd1+ 38. Kh2 Rd2 39. Rg3 Qf6 40.
Rgxg7+ Qxg7 41. Rxg7+ Kxg7 42. Qe5+ Kg6 43. Qxc5 Rb2 44. f4 b3 45. Qe5 Rc2 46.
Qe6+ Kg7 47. Qxb3 Rc7 48. g4 Kf8 49. Qe6 Rc2+ 50. Kg3 Rc3+ 51. Kh4 Rc7 52.
Qxh6+ Kg8 53. f5 Rc3 54. f6 Rc7 55. Qg6+ Kf8 56. g5 Rc4+ 57. Kh5 Rh4+ 1/2-1/2

[Event "C.to Provinciale TP"]
[Site "Erice ITA"]
[Date "2011.02.12"]
[Round "6"]
[White "Guarino, Giuseppe"]
[Black "Cerami, Giuseppe"]
[Result "1/2-1/2"]
[WhiteElo "1497"]
[BlackElo "1625"]
[PlyCount "121"]
[EventDate "2011.01.09"]

1. d4 Nf6 2. c4 e5 3. dxe5 Ng4 4. Nf3 Nc6 5. Bf4 Bb4+ 6. Nbd2 Qe7 7. e3 Ngxe5
8. Be2 d6 9. O-O Be6 10. b3 O-O-O 11. Qc2 Bxd2 12. Qxd2 f6 13. h3 g5 14. Bh2 h5
15. Nxe5 dxe5 16. Qc3 h4 17. c5 Rdg8 18. b4 g4 19. Bxg4 Bxg4 20. hxg4 Rxg4 21.
f3 Rxb4 22. Rfb1 Rxb1+ 23. Rxb1 Qd7 24. Qb3 Nd8 25. a4 Qc6 26. Qb5 Rg8 27. Qxc6
Nxc6 28. f4 Rd8 29. g4 hxg3 30. Bxg3 Rd3 31. Kf2 e4 32. Rh1 f5 33. Rh7 Rd5 34.
Bh4 Rxc5 35. Rh8+ Kd7 36. Rh7+ Kd6 37. Rh6+ Kd5 38. Rh5 Kc4 39. Rh7 Nb4 40. Bd8
Kb3 41. Bxc7 Kxa4 42. Bb8 Nd3+ 43. Kg3 a5 44. Rxb7 Rb5 45. Rxb5 Kxb5 46. Ba7
Nc5 47. Kh4 Ne6 48. Bb8 Kc4 49. Kh5 Kd3 50. Kg6 Kxe3 51. Kxf5 Nd4+ 52. Ke5 Nf3+
53. Kd5 Nh4 54. Kc4 Nf5 55. Kb5 Nd4+ 56. Ka4 Kf3 57. Bc7 e3 58. Bxa5 Kxf4 59.
Be1 Kf3 60. Bc3 e2 61. Kb4 {...} 1/2-1/2